Tutte le province della Francia (dipartimenti) - Statistics

Statistiche generali
  • Questo quiz è stato fatto 29 volte
  • Il punteggio medio è 19 su 101
Statistiche sulle risposte
Regione Provincia Capoluogo % Corretto
Île-de-France Parigi Parigi
57%
Alvernia-Rodano-Alpi Savoia Chambéry
43%
Alvernia-Rodano-Alpi Ain Bourg-en-Bresse
38%
Provenza-Alpi-Costa Azzurra Alpi Marittime Nizza
38%
Alvernia-Rodano-Alpi Alta Savoia Annecy
38%
Provenza-Alpi-Costa Azzurra Bocche del Rodano Marsiglia
33%
Bretagna Finistère Quimper
33%
Alvernia-Rodano-Alpi Loira Saint-Étienne
33%
Alvernia-Rodano-Alpi Rodano Lione
33%
Corsica Alta Corsica Bastia
29%
Alvernia-Rodano-Alpi Alta Loira Le Puy-en-Velay
29%
Centro-Valle della Loira Cher Bourges
29%
Nuova Aquitania Gironda Bordeaux
29%
Alvernia-Rodano-Alpi Isère Grenoble
29%
Occitania Lot Cahors
29%
Grande Est Mosella Metz
29%
Alta Francia Nord Lilla
29%
Alta Francia Oise Beauvais
29%
Paesi della Loira Sarthe Le Mans
29%
Alta Francia Somme Amiens
29%
Borgogna-Franca Contea Territorio di Belfort Belfort
29%
Provenza-Alpi-Costa Azzurra Var Tolone
29%
Alta Francia Aisne Laon
24%
Occitania Alta Garonna Tolosa
24%
Grande Est Alto Reno Colmar
24%
Alvernia-Rodano-Alpi Ardèche Privas
24%
Grande Est Basso Reno Strasburgo
24%
Nuova Aquitania Charente Angoulême
24%
Corsica Corsica del Sud Ajaccio
24%
Nuova Aquitania Dordogna Périgueux
24%
Alvernia-Rodano-Alpi Drôme Valence
24%
Borgogna-Franca Contea Giura Lons-le-Saunier
24%
Centro-Valle della Loira Loiret Orléans
24%
Grande Est Mosa Bar-le-Duc
24%
Normandia Senna Marittima Rouen
24%
Borgogna-Franca Contea Yonne Auxerre
24%
Alvernia-Rodano-Alpi Allier Moulins
19%
Grande Est Ardenne Charleville-Mézières
19%
Nuova Aquitania Charente Marittima La Rochelle
19%
Nuova Aquitania Corrèze Tulle
19%
Borgogna-Franca Contea Côte-d'Or Digione
19%
Bretagna Côtes-d'Armor Saint-Brieuc
19%
Nuova Aquitania Creuse Guéret
19%
Borgogna-Franca Contea Doubs Besançon
19%
Normandia Eure Évreux
19%
Centro-Valle della Loira Eure-et-Loir Chartres
19%
Centro-Valle della Loira Indre Châteauroux
19%
Nuova Aquitania Landes Mont-de-Marsan
19%
Paesi della Loira Loira Atlantica Nantes
19%
Bretagna Morbihan Vannes
19%
Normandia Orne Alençon
19%
Nuova Aquitania Pirenei Atlantici Pau
19%
Île-de-France Senna e Marna Melun
19%
Occitania Tarn Albi
19%
Île-de-France Val-d'Oise Pontoise
19%
Paesi della Loira Vandea La Roche-sur-Yon
19%
Provenza-Alpi-Costa Azzurra Vaucluse Avignone
19%
Grande Est Alta Marna Chaumont
14%
Borgogna-Franca Contea Alta Saona Vesoul
14%
Provenza-Alpi-Costa Azzurra Alte Alpi Gap
14%
Normandia Calvados Caen
14%
Nuova Aquitania Deux-Sèvres Niort
14%
Île-de-France Essonne Évry
14%
Occitania Gard Nîmes
14%
Guadalupa Guadalupa Basse-Terre
14%
Guyana francese Guyana francese Caienna
14%
Occitania Hérault Montpellier
14%
Bretagna Ille-et-Vilaine Rennes
14%
Centro-Valle della Loira Indre-et-Loire Tours
14%
La Riunione La Riunione Saint-Denis
14%
Centro-Valle della Loira Loir-et-Cher Blois
14%
Occitania Lozère Mende
14%
Grande Est Marna Châlons-en-Champagne
14%
Martinica Martinica Fort-de-France
14%
Occitania Pirenei Orientali Perpignano
14%
Île-de-France Yvelines Versailles
14%
Provenza-Alpi-Costa Azzurra Alpi dell'Alta Provenza Digne-les-Bains
10%
Nuova Aquitania Alta Vienne Limoges
10%
Occitania Ariège Foix
10%
Grande Est Aube Troyes
10%
Occitania Aude Carcassonne
10%
Occitania Aveyron Rodez
10%
Alvernia-Rodano-Alpi Cantal Aurillac
10%
Occitania Gers Auch
10%
Nuova Aquitania Lot e Garonna Agen
10%
Paesi della Loira Maine e Loira Angers
10%
Paesi della Loira Mayenne Laval
10%
Mayotte Mayotte Mamoudzou
10%
Grande Est Meurthe e Mosella Nancy
10%
Borgogna-Franca Contea Nièvre Nevers
10%
Alta Francia Passo di Calais Arras
10%
Alvernia-Rodano-Alpi Puy-de-Dôme Clermont-Ferrand
10%
Borgogna-Franca Contea Saona e Loira Mâcon
10%
Île-de-France Senna-Saint-Denis Bobigny
10%
Occitania Tarn e Garonna Montauban
10%
Nuova Aquitania Vienne Poitiers
10%
Grande Est Vosgi Épinal
10%
Occitania Alti Pirenei Tarbes
5%
Normandia Manica Saint-Lô
5%
Île-de-France Valle della Marna Créteil
5%
Île-de-France Alture della Senna Nanterre
0%
Nessun quiz corrispondente trovato
Distribuzione punteggi
Percentuale di utenti per punteggio
Percentile per numero di risposta
I tuoi punteggi nel tempo
Non hai fatto questo quiz